Understanding the chemistry of the rubber/silane reaction for silica reinforcement, using model olefins : paper presented at a meeting of the Rubber Division, American Chemical Society, Georgia, April 29-May 1 2002. No.4 (Record no. 42282)

MARC details
000 -LEADER
fixed length control field 00500nam a2200121Ia 4500
082 ## - DEWEY DECIMAL CLASSIFICATION NUMBER
Classification number NR:061.32002
Item number ACS.4
100 ## - MAIN ENTRY--AUTHOR NAME
Personal name Debnath, S C
245 #0 - TITLE STATEMENT
Title Understanding the chemistry of the rubber/silane reaction for silica reinforcement, using model olefins : paper presented at a meeting of the Rubber Division, American Chemical Society, Georgia, April 29-May 1 2002. No.4
260 ## - PUBLICATION, DISTRIBUTION, ETC. (IMPRINT)
Place of publication Georgia
Name of publisher ACS
Year of publication 2002
700 ## - ADDED ENTRY--PERSONAL NAME
Personal name Nooroermeer, J W M
942 ## - ADDED ENTRY ELEMENTS (KOHA)
Koha item type Books
Holdings
Withdrawn status Lost status Damaged status Not for loan Home library Current library Date acquired Cost, normal purchase price Full call number Accession Number Koha item type
        RRII Library RRII Library 16/12/2021 25.00 NR:061.32002 ACS.4 22557 Books